Hugo Chávez y el socialismo del siglo XXI /

El autor no nos trae otra teoría, sino que profundiza la teoría marxista y la actualiza en el mundo de hoy, incorporando los avances del conocimiento, las experiencias de los intentos socialistas, develando sus limitaciones, entregando propuestas concretas para construir una sociedad libre de explot...

Descripción completa

Detalles Bibliográficos
Autor principal: Dieterich, Heinz 1943-
Formato: Libro
Lenguaje:español
Publicado: Santiago, Chile Quimantú 2007
Edición:1a. ed.
Colección:Ediciones especiales Q
Materias:

MARC

LEADER 00000cam a2200000 a 4500
001 007182
003 UAHC_CL
005 20170803120326.0
008 071010s2007 cl 000 spa
040 |a UAHC_CL  |c UAHC_CL  |d UAHC_CL 
082 0 4 |a 320.531  |2 20 
100 1 |a Dieterich, Heinz  |d 1943- 
245 1 0 |a Hugo Chávez y el socialismo del siglo XXI /  |c Heinz Dieterich. 
250 |a 1a. ed. 
260 |b Quimantú  |a Santiago, Chile  |c 2007 
300 |a 180 p. 
490 0 |a Ediciones especiales Q 
520 |a El autor no nos trae otra teoría, sino que profundiza la teoría marxista y la actualiza en el mundo de hoy, incorporando los avances del conocimiento, las experiencias de los intentos socialistas, develando sus limitaciones, entregando propuestas concretas para construir una sociedad libre de explotación. 
600 1 4 |a CHAVEZ FRIAS, HUGO 
650 4 |a SOCIALISMO  |x HISTORIA  |y SIGLO 21 
650 4 |a SOCIALISMO  |z VENEZUELA 
651 4 |a VENEZUELA  |x POLITICA Y GOBIERNO  |y 1999- 
653 |a CIENCIAS POLITICAS 
900 |a 320.531 DIE 
942 |c BK 
952 |0 0  |1 0  |4 0  |6 320_531000000000000_DIE  |7 0  |8 General  |9 15648  |a BC  |b BC  |c General  |d 2017-08-03  |l 0  |o 320.531 DIE  |p 1360397  |r 2026-01-07 00:00:00  |t 1  |w 2017-08-03  |y BK 
952 |0 0  |1 0  |4 0  |6 320_531000000000000_DIE  |7 0  |8 General  |9 15649  |a BC  |b BC  |c General  |d 2017-08-03  |l 0  |o 320.531 DIE  |p 1360398  |r 2026-01-07 00:00:00  |t 2  |w 2017-08-03  |y BK 
952 |0 0  |1 0  |4 0  |6 320_531000000000000_DIE  |7 0  |8 General  |9 15650  |a BC  |b BC  |c General  |d 2017-08-03  |l 1  |o 320.531 DIE  |p 1360399  |r 2026-01-07 00:00:00  |s 2018-10-19  |t 3  |w 2017-08-03  |y BK 
999 |c 7182  |d 7182